000 01749cab a2200337 4500
001 ABS68607
008 050119n2005 000 0 eng u
035 _a(Sirsi) u128547
100 _aSmith, A.
245 _aTerror of the tape
260 _c2005
490 _aBuilding
_v270(8363) 7 January 2005, 32-37(6)
520 _aDiscusses the regulations that are due to be introduced by Whitehall and the EU over the next few years. A focus on social and environmental policy is resulting in many directives and these have caused concern in some areas about the resulting increase in costs, particularly for smaller firms. The legislation includes the EU Emission Trading Scheme, effective from February 2005, where energy intensive material producers will be given a carbon emission target for each of their installations. There is also Building Regulations Part L which is effective by early 2006 and has proposals for the latest revision of energy regulations.
590 _aABS
650 _aBUILDING REGULATIONS 2000 APPROVED DOCUMENT F (2005 EDITION)
650 _aBUILDING REGULATIONS 2000 APPROVED DOCUMENT P (2005 EDITION)
650 _aPRIVATE SECURITY INDUSTRY ACT 2001
650 _aEMISSIONS TRADING SCHEME
650 _aDIRECTIVE 93/104/EC
650 _aDIRECTIVE 2002/96/EC
650 _aDIRECTIVE 2002/95/EC
650 _aMANAGEMENT-HEALTH AND SAFETY-FIRE SAFETY
650 _aCHEMICALS
650 _aDIRECTIVE 2002/91/EC
650 _aBUILDING REGULATIONS 2000 APPROVED DOCUMENT L1 (2002 EDITION)
650 _aBUILDING REGULATIONS 2000 APPROVED DOCUMENT L2 (2002 EDITION)
650 _aSUSTAINABLE BUILDINGS
650 _aCDM REGULATIONS
690 _aBUILT ENVIRONMENT-BUILDING STANDARDS
942 _n0
999 _c74724
_d74724